000 nam a22 7a 4500
999 _c128490
_d128490
008 181102b xxu||||| |||| 00| 0 eng d
050 _aBX2170.S5
_bT881
100 _aTshikendwa Matadi, Ghislain
_943245
245 _aAu-dela de la souffrance
_bune malade temoigne
_cGhislain Tshikendwa Matadi
260 _aKinshasa
_bMediaspaul
_c2003
300 _a63p. ;
_c21cm.
650 _aSuffering
_943246
650 _aChurch works with the sick
_943247
942 _2lcc
_cMONOGRAPH